书目信息 |
| 题名: |
克里传
|
|
| 作者: | 克拉尼奇 , 迈克尔·克拉尼奇 著 ;孙雪晶 , 于达 , 孙雪晶 , 于达 译 | |
| 分册: | ||
| 出版信息: | 北京 中国人民大学出版社 2004 |
|
| 页数: | 271页 | |
| 开本: | 22cm | |
| 丛书名: | ||
| 单 册: | ||
| 中图分类: | K837.127=6 | |
| 科图分类: | ||
| 主题词: | 克里,J.--传记 | |
| 电子资源: | ||
| ISBN: | 7-300-05207-X | |
| 000 | 01550nam0 2200373 450 | |
| 000 | 01513nam0 2200361 450 | |
| 000 | 01285nam0 2200337 450 | |
| 000 | 01231nam0 2200313 450 | |
| 000 | 01249nam0 2200301 450 | |
| 000 | 01212nam0 2200289 45 | |
| 001 | TS2006028204 | |
| 005 | 20061225152736.57 | |
| 010 | @a7-300-05207-X@dCNY19.80 | |
| 100 | @a20060829d2004 em y0chiy0110 ea | |
| 101 | 1 | @achi@ceng |
| 102 | @aCN@b110000 | |
| 105 | @aa z 000yb | |
| 200 | 1 | @a克里传@Ake li zhuan@e对抗布什,我准备好接受挑战!@f(美)迈克尔·克拉尼奇(Michael Kranish)等著@F(mei)mai ke er·ke la ni qi(Michael Kranish)deng zhu@g孙雪晶,于达译@Gsun xue jing,yu da yi |
| 210 | @a北京@c中国人民大学出版社@d2004 | |
| 215 | @a271页@c照片@d22cm | |
| 330 | @a本书公开了克里许多不为人知的身世和经历,包括他的显赫家世、他与肯尼迪家族的关系、他充满英雄色彩的越战经历、他坎坷艰辛的政治生涯等。 | |
| 510 | 1 | @aJohn F.Kerry Biography@eThe Complete Biography by the Boston Globe Reporters Who Know Him Best@zeng |
| 606 | 0 | @a克里,J.@x传记 |
| 690 | @aK837.127=6@v4 | |
| 701 | 0 | @c(美)@a克拉尼奇@Ake la ni qi@c(Kranish, Michael)@4著 |
| 701 | 0 | @a迈克尔·克拉尼奇@Amai ke er·ke la ni qi@bMichaelKranish@4著 |
| 702 | 0 | @a孙雪晶@Asun xue jing@c(翻译)@4译 |
| 702 | 0 | @a于达@Ayu da@c(翻译)@4译 |
| 702 | 0 | @a孙雪晶@Asun xue jing@4译 |
| 702 | 0 | @a于达@Ayu da@4译 |
| 801 | 0 | @aCN@b中图数据@c20061225 |
| 905 | @a10447@dK837.127=6@e574 | |
| 克里传:对抗布什,我准备好接受挑战!/(美)迈克尔·克拉尼奇(Michael Kranish)等著/孙雪晶,于达译.-北京:中国人民大学出版社,2004 |
| 271页:照片;22cm |
| ISBN 7-300-05207-X:CNY19.80 |
| 本书公开了克里许多不为人知的身世和经历,包括他的显赫家世、他与肯尼迪家族的关系、他充满英雄色彩的越战经历、他坎坷艰辛的政治生涯等。 |
| ● |
| 相关链接 |
|
|
|
|
正题名:克里传
索取号:K837.127=6/574
 
预约/预借
| 序号 | 登录号 | 条形码 | 馆藏地/架位号 | 状态 | 备注 |
| 1 | 0602473 | 206024737 | 第二样本阅览室/ [索取号:K837.127=6/574] | 在馆 | |
| 2 | 0602474 | 206024746 | 第二借阅区/ [索取号:K837.127=6/574] | 在馆 | |
| 3 | 0602475 | 206024755 | 第二借阅区/ [索取号:K837.127=6/574] | 在馆 | |
| 4 | 0602476 | 206024764 | 第二借阅区/ [索取号:K837.127=6/574] | 在馆 | |
| 5 | 0602477 | 206024773 | 第二借阅区/ [索取号:K837.127=6/574] | 在馆 |